000 00740cab a2200241 4500
001 ##L132745
008 060306n2006 000 0 eng u
035 _a(Sirsi) u132745
041 0 _aeng
100 1 _aGoldie, Anna
245 0 0 _aNorth-east
_bregional
260 _c2006
490 0 _aProperty Week
_v71(9) 3 March 2006, 71-86(10)
520 _aLooks at regeneration in the north-east, including Hartlepool; retail in Newcastle; and business interests in Middlesbrough's docklands.
590 _aIKA
650 2 4 _aHARTLEPOOL
650 2 4 _aNEWCASTLE
650 2 4 _aMIDDLESBROUGH
690 _aPROPERTY-COMMERCIAL PROPERTY-COMMERCIAL PROPERTY MARKET
700 1 _aHodgekiss, Anna
700 1 _aEade, Christine
942 _n0
999 _c76597
_d76597